Normal view MARC view

Entry Personal Name

Number of records used in: 1

001 - CONTROL NUMBER

  • control field: 1076174

003 - CONTROL NUMBER IDENTIFIER

  • control field: OSt

005 - DATE AND TIME OF LATEST TRANSACTION

  • control field: 20260121171431.0

008 - FIXED-LENGTH DATA ELEMENTS

  • fixed length control field: 260121|| aca||aabn | a|a d

040 ## - CATALOGING SOURCE

  • Original cataloging agency: OSt
  • Transcribing agency: OSt

100 ## - HEADING--PERSONAL NAME

  • Personal name: R. Andrew McDonald

670 ## - SOURCE DATA FOUND

  • Source citation: Work cat.: (OSt)1641904: R. Andrew McDonald, Kings, Usurpers, and Concubines in the 'Chronicles of the Kings of Man and the Isles'
Copyright @ Delhi University Library System